| 000 | 00403nam a2200157Ia 4500 | ||
|---|---|---|---|
| 008 | 210210b2000 xxu||||| |||| 00| 0 eng d | ||
| 020 | _a81 7446 213 9 | ||
| 082 | _a658.3 RAOH | ||
| 100 | _aRAO (V S P). | ||
| 245 | _aHuman resource management, text and cases. Ed 1. | ||
| 250 | _a | ||
| 260 |
_aNew Delhi. _bExcel Books _c2000 |
||
| 300 | _a618 | ||
| 690 | _aPersonnel Management | ||
| 906 | _a057272 | ||
| 999 |
_c104857 _d104857 |
||